| 000 | 00975nam a2200241 i 4500 | ||
|---|---|---|---|
| 001 | 182676 | ||
| 003 | ES-MaACL | ||
| 005 | 20250902225551.0 | ||
| 008 | 131009s2011 sp | |||||||| | spa d | ||
| 020 | _a978-84-92705-16-0 | ||
| 080 | _a929 Eielson, Jorge Eduardo (047.53) | ||
| 100 | 0 |
_aEielson, Jorge Eduardo. _946823 |
|
| 245 | 1 | 3 |
_aEl diálogo infinito : _buna conversación con Martha L. Canfield / _cJorge Eduardo Eielson. |
| 260 |
_aSevilla : _bSibilina ; _a[Bilbao] : _bFundación BBVA, _cimp. 2011. |
||
| 300 |
_a128 p. ; _c21 cm. |
||
| 490 | 1 |
_aBiblioteca Sibila-Fundación BBVA de poesía en español ; _v27. _aEnsayo |
|
| 700 | 1 |
_aCanfield, Martha L. _9147207 |
|
| 830 | 0 |
_aBiblioteca Sibila-Fundación BBVA de poesía en español ; _v27. _aEnsayo _9191823 |
|
| 852 |
_aES-MaACL _jA-12834 _9189593 _bR.149048 _cDEPO1 _dOlim: N-5834 _xDonación: Fundación BBVA |
||
| 914 |
_aFundación BBVA _ednr _94230 |
||
| 942 |
_2udc _cMONOGRAFIA |
||
| 999 |
_c182676 _d182676 |
||